[Event "FRA-chT2 West 0809"]
[Site "France"]
[Date "2009.02.08"]
[Round "7.6"]
[White "Maisuradze, Nino"]
[Black "Eustache, Boris"]
[Result "1-0"]
[WhiteElo "2308"]
[BlackElo "2153"]
[PlyCount "66"]
[EventDate "2008.10.19"]
[EventType "team-tourn"]
[EventRounds "11"]
[EventCountry "FRA"]
[SourceTitle "EXT 2010"]
[Source "ChessBase"]
[SourceDate "2010.11.25"]
[SourceVersion "1"]
[SourceVersionDate "2010.11.25"]
[SourceQuality "1"]
[WhiteTeam "Evry Grand Roque II"]
[BlackTeam "Stade Francais Jeen"]
[WhiteTeamCountry "FRA"]
[BlackTeamCountry "FRA"]

1. b3 e6 2. Bb2 d5 3. e3 Nf6 4. f4 Bd6 5. Nf3 Nbd7 6. Be2 Qe7 7. Ne5 a5 8. a4 Bxe5 9. fxe5 Ne4 10. 0-0 Qg5 11. Rf4 f6 12. Bh5+ g6 13. exf6 0-0 14. Be2 e5 15. f7+ Rxf7 16. Rxf7 Kxf7 17. c4 c6 18. cxd5 cxd5 19. Na3 Ndc5 20. Rc1 Be6 21. Bf3 Kg8 22. Nb5 Nd3 23. Nc7 Nxb2 24. Qc2 Rc8 25. Qxb2 Bf7 26. Nxd5 Rxc1+ 27. Qxc1 Bxd5 28. Bxe4 Be6 29. Bxb7 Qe7 30. Bc6 Bxb3 31. Qc3 Qe6 32. Bb5 Bd5 33. Qxa5 Bxg2 1-0

[Event "FRA-chT2 West 0809"]
[Site "France"]
[Date "2008.11.22"]
[Round "2.6"]
[White "Ricbour, Jeremy"]
[Black "Eustache, Boris"]
[Result "1/2-1/2"]
[WhiteElo "2183"]
[BlackElo "2153"]
[PlyCount "108"]
[EventDate "2008.10.19"]
[EventType "team-tourn"]
[EventRounds "11"]
[EventCountry "FRA"]
[SourceTitle "EXT 2010"]
[Source "ChessBase"]
[SourceDate "2010.11.25"]
[SourceVersion "1"]
[SourceVersionDate "2010.11.25"]
[SourceQuality "1"]
[WhiteTeam "Issy les Moulineaux"]
[BlackTeam "Stade Francais Jeen"]
[WhiteTeamCountry "FRA"]
[BlackTeamCountry "FRA"]

1. Nf3 Nf6 2. c4 e6 3. Nc3 d5 4. e3 a6 5. Qc2 dxc4 6. Bxc4 b5 7. Be2 Bb7 8. 0-0 c5 9. d4 Nbd7 10. Rd1 Qc7 11. a3 Rc8 12. Bd2 Bd6 13. h3 cxd4 14. exd4 0-0 15. Rac1 Qb8 16. Qb1 Qa8 17. Ne1 Ne4 18. Nxe4 Bxe4 19. Bd3 Nf6 20. Bg5 Bxd3 21. Qxd3 Qe4 22. Bxf6 Qxd3 23. Nxd3 gxf6 24. b4 a5 25. Nc5 axb4 26. axb4 Kg7 27. Kf1 Rfd8 28. Ke2 Ra8 29. Ra1 f5 30. Nb7 Rxa1 31. Rxa1 Rd7 32. Nc5 Rd8 33. Ra5 Be7 34. Rxb5 Rxd4 35. Nd3 Re4+ 36. Kf3 Rd4 37. Ke3 Re4+ 38. Kd2 Bg5+ 39. Kd1 Rc4 40. Rc5 Rd4 41. Kc2 Be7 42. Rb5 Bf6 43. f4 Re4 44. Kd2 Bd4 45. g3 Bg1 46. Re5 Bh2 47. Rxe4 fxe4 48. Ne5 Bxg3 49. Ke3 f5 50. b5 Bh2 51. Nd7 Bg1+ 52. Ke2 Bh2 53. Ke3 Bg1+ 54. Ke2 Bh2 1/2-1/2

[Event "FRA-chT2 0405"]
[Site "France"]
[Date "2005.01.08"]
[Round "5.8"]
[White "Eustache, Boris"]
[Black "Dinet, Leopold"]
[Result "1-0"]
[WhiteElo "2150"]
[BlackElo "1850"]
[PlyCount "75"]
[EventDate "2004.10.10"]
[EventType "team"]
[EventRounds "11"]
[EventCountry "FRA"]
[SourceTitle "EXT 2006"]
[Source "ChessBase"]
[SourceDate "2005.11.24"]
[SourceVersion "1"]
[SourceVersionDate "2005.11.24"]
[SourceQuality "1"]
[WhiteTeam "Paris NAO II"]
[BlackTeam "Poitiers"]
[WhiteTeamCountry "FRA"]
[BlackTeamCountry "FRA"]

1. d4 Nf6 2. Nf3 g6 3. e3 Bg7 4. Be2 0-0 5. 0-0 d6 6. a4 c5 7. dxc5 dxc5 8. Na3 Bf5 9. c3 Nc6 10. Nc4 Qc7 11. Qb3 Be4 12. Nfd2 Bd5 13. Qb5 b6 14. a5 Rab8 15. axb6 axb6 16. Ra6 Na7 17. Qa4 Nc6 18. Na3 Qb7 19. e4 Be6 20. Ndc4 Qc7 21. Nb5 Qd8 22. Rd1 Nd7 23. Bf4 Bxc4 24. Bxc4 Be5 25. Na7 Bxf4 26. Nxc6 Qc7 27. Nxe7+ Kh8 28. Nd5 Bxh2+ 29. Kh1 Qe5 30. Qxd7 Qh5 31. Rd3 Be5+ 32. Qh3 Qe2 33. f4 g5 34. Qxh7+ Kxh7 35. Rh3+ Kg6 36. Bxe2 gxf4 37. Nxb6 Bc7 38. Nc4+ 1-0

[Event "FRA-chT"]
[Site "France"]
[Date "1999.??.??"]
[Round "10"]
[White "Mensch, Etienne"]
[Black "Eustache, Boris"]
[Result "1/2-1/2"]
[WhiteElo "2249"]
[BlackElo "2100"]
[PlyCount "69"]
[EventDate "1999.02.??"]
[EventType "team"]
[EventRounds "11"]
[EventCountry "FRA"]
[SourceTitle "EXT 2000"]
[Source "ChessBase"]
[SourceDate "1999.11.16"]
[SourceVersion "1"]
[SourceVersionDate "1999.11.16"]
[SourceQuality "1"]

1. d4 d5 2. c4 e6 3. Nc3 Be7 4. Nf3 Nf6 5. cxd5 exd5 6. Bg5 Nbd7 7. e3 Nf8 8. Bd3 Ne6 9. Bh4 0-0 10. Qc2 g6 11. h3 c5 12. dxc5 Nxc5 13. Nd4 Be6 14. Rd1 Rc8 15. Qe2 Nfe4 16. Bxe4 Bxh4 17. Bf3 Qb6 18. 0-0 Ne4 19. Bxe4 dxe4 20. Nxe6 Qxe6 21. Rd4 Bf6 22. Rxe4 Qc6 23. Rb4 Bxc3 24. bxc3 Rfd8 25. Rd1 Rxd1+ 26. Qxd1 Qa6 27. Qd7 Rxc3 28. Rxb7 Qf6 29. Qe8+ Kg7 30. Rb8 Rc1+ 31. Kh2 Qxf2 32. Qf8+ Kf6 33. Qd6+ Kg7 34. Qf8+ Kf6 35. Qd6+ 1/2-1/2

[Event "FRA-chT"]
[Site "France"]
[Date "1999.??.??"]
[Round "8"]
[White "Zangrilli, David"]
[Black "Eustache, Boris"]
[Result "0-1"]
[WhiteElo "2243"]
[BlackElo "2100"]
[PlyCount "132"]
[EventDate "1999.02.??"]
[EventType "team"]
[EventRounds "11"]
[EventCountry "FRA"]
[SourceTitle "EXT 2000"]
[Source "ChessBase"]
[SourceDate "1999.11.16"]
[SourceVersion "1"]
[SourceVersionDate "1999.11.16"]
[SourceQuality "1"]

1. e4 e6 2. d4 d5 3. e5 c5 4. c3 Nc6 5. Nf3 Qb6 6. a3 Bd7 7. b4 cxd4 8. cxd4 Rc8 9. Be2 a5 10. b5 Nxd4 11. Nxd4 Rxc1 12. Qxc1 Qxd4 13. Ra2 Qxe5 14. 0-0 Nf6 15. Qc3 Bd6 16. f4 Qxc3 17. Nxc3 Ke7 18. Kh1 Rc8 19. Na4 Ne4 20. g3 Nc3 21. Nxc3 Rxc3 22. a4 Bc5 23. Rf3 Rc1+ 24. Rf1 Rc3 25. Rf3 Be3 26. Bd1 Kd6 27. Kg2 f6 28. Rb2 d4 29. Rb3 Rc1 30. Rd3 Ke7 31. Rf1 e5 32. fxe5 fxe5 33. Bb3 Bh3+ 34. Kxh3 Rxf1 35. Bd5 b6 36. Ra3 Bd2 37. Kg2 Rf6 38. Be4 g6 39. Rf3 Rd6 40. Kf1 h6 41. Ke2 Be3 42. Kd3 Bg1 43. h3 Rf6 44. Rxf6 Kxf6 45. Ke2 Be3 46. g4 Kg5 47. Kf3 Kh4 48. Kg2 h5 49. gxh5 gxh5 50. Bc2 Kg5 51. Kf3 Kf6 52. Ke4 Ke6 53. Bb3+ Kd6 54. Bd1 h4 55. Bc2 Bf4 56. Bd1 Kc5 57. Be2 Bg3 58. Kd3 Kb4 59. Bd1 Bf4 60. Bc2 Bh6 61. Bd1 Bg7 62. Bc2 e4+ 63. Kxe4 Kc3 64. Bd1 d3 65. Ke3 Bd4+ 66. Ke4 Bc5 0-1

[Event "FRA-chT"]
[Site "France"]
[Date "1995.??.??"]
[Round "8"]
[White "Pellaton, Bernard"]
[Black "Eustache, Boris"]
[Result "1-0"]
[WhiteElo "2155"]
[BlackElo "2220"]
[PlyCount "139"]
[EventDate "1995.??.??"]
[EventType "team"]
[EventRounds "5"]
[EventCountry "FRA"]
[SourceTitle "EXT 2005"]
[Source "ChessBase"]
[SourceDate "2004.11.15"]
[SourceVersion "1"]
[SourceVersionDate "2004.11.15"]
[SourceQuality "1"]

1. e4 e6 2. d4 d5 3. Nc3 Bb4 4. e5 c5 5. a3 Bxc3+ 6. bxc3 Qa5 7. Qd2 Nc6 8. Nf3 Nge7 9. Rb1 cxd4 10. cxd4 Qxd2+ 11. Bxd2 Nf5 12. Bc3 f6 13. g4 Nh6 14. h3 0-0 15. Bd3 Nf7 16. 0-0 Ng5 17. Nxg5 fxg5 18. Bb4 Rf3 19. Be2 Nxd4 20. Bxf3 Nxf3+ 21. Kg2 Nxe5 22. f4 gxf4 23. Rxf4 Ng6 24. Rf2 Bd7 25. Kg3 e5 26. h4 h5 27. gxh5 Nf4 28. Bd6 Nxh5+ 29. Kh2 Nf6 30. Re2 b6 31. Bxe5 Re8 32. Rbe1 Bg4 33. Rd2 Bf3 34. Bg3 Ne4 35. Rd3 Rf8 36. Rf1 Nxg3 37. Rfxf3 Rxf3 38. Rxf3 Ne4 39. Rd3 Nf6 40. Rc3 Ne8 41. Rc8 Kf7 42. Ra8 a6 43. Rb8 Nd6 44. Rxb6 Nc4 45. Rb7+ Kf6 46. a4 g6 47. Kg3 Kf5 48. Kf3 Na3 49. c3 Nc4 50. Rf7+ Ke6 51. Rf4 Ke5 52. Rg4 Kf6 53. Rg5 Nb6 54. Rg4 Kf5 55. Rd4 Ke5 56. Kg4 Kf6 57. Kf4 Kg7 58. Kg5 Kf7 59. Rf4+ Kg7 60. Rf6 Nxa4 61. Rxg6+ Kf7 62. Rc6 Nb2 63. Rc5 Nd1 64. Rxd5 Nxc3 65. Ra5 Ne4+ 66. Kh6 Nf6 67. Rxa6 Ke7 68. Kg6 Nd5 69. Ra7+ Kf8 70. h5 1-0

[Event "Cannes op"]
[Site "Cannes"]
[Date "1992.??.??"]
[Round "?"]
[White "Giffard, Nicolas"]
[Black "Eustache, Boris"]
[Result "1-0"]
[WhiteElo "2340"]
[BlackElo "2205"]
[PlyCount "101"]
[EventDate "1992.02.??"]
[EventType "swiss"]
[EventRounds "9"]
[EventCountry "FRA"]
[SourceTitle "TD"]
[Source "ChessBase"]
[SourceDate "1994.03.01"]
[SourceVersion "1"]
[SourceVersionDate "1994.03.01"]
[SourceQuality "1"]

1. Nf3 d5 2. b3 e6 3. Bb2 Nf6 4. e3 Be7 5. d4 Ne4 6. Bd3 f5 7. 0-0 0-0 8. Ne5 Nd7 9. c4 c6 10. Qc2 Qe8 11. Nc3 Bd6 12. Ne2 Bxe5 13. dxe5 Ndc5 14. Ba3 b6 15. f3 Rf7 16. b4 Nd7 17. cxd5 exd5 18. Qxc6 Bb7 19. Qxb7 Ndc5 20. Qxd5 Rd8 21. Bc4 Rxd5 22. Bxd5 Nd2 23. bxc5 Qxe5 24. e4 Nxf1 25. Rxf1 bxc5 26. Rb1 fxe4 27. fxe4 Kf8 28. Bxc5+ Ke8 29. Bd4 Qd6 30. Bxf7+ Kxf7 31. Rb7+ Ke8 32. Rxa7 Qb4 33. Kf2 Qb1 34. Ke3 Qh1 35. Rxg7 Qxh2 36. a4 Qh6+ 37. Nf4 Qc6 38. Rxh7 Qc1+ 39. Kf3 Qf1+ 40. Bf2 Qd1+ 41. Ne2 Qxa4 42. g4 Kf8 43. g5 Kg8 44. g6 Qb3+ 45. Be3 Qd3 46. Ra7 Qb3 47. Nd4 Qd1+ 48. Kf2 Qh5 49. Nf5 Qh2+ 50. Ke1 Qh1+ 51. Kd2 1-0

[Event "FRA-ch Accession"]
[Site "Montpellier"]
[Date "1991.??.??"]
[Round "3"]
[White "Eustache, Boris"]
[Black "Mandon, Fabrice"]
[Result "1-0"]
[WhiteElo "2210"]
[BlackElo "1950"]
[PlyCount "35"]
[EventDate "1991.??.??"]
[EventType "swiss"]
[EventRounds "11"]
[EventCountry "FRA"]
[SourceTitle "EXT 1999"]
[Source "ChessBase"]
[SourceDate "1998.11.16"]
[SourceVersion "1"]
[SourceVersionDate "1998.11.16"]
[SourceQuality "1"]

1. d4 f5 2. Bf4 Nf6 3. e3 e6 4. Bd3 Be7 5. h3 d5 6. Nf3 0-0 7. c4 b6 8. Nc3 Bb7 9. g4 Ne4 10. gxf5 Rxf5 11. cxd5 exd5 12. Bxe4 dxe4 13. Ne5 Nc6 14. Qb3+ Kf8 15. Qe6 Rf6 16. Nd7+ Ke8 17. Nxf6+ gxf6 18. Rg1 1-0

[Event "FRA-ch Accession"]
[Site "Montpellier"]
[Date "1991.??.??"]
[Round "2"]
[White "Marciniak, Marcel"]
[Black "Eustache, Boris"]
[Result "0-1"]
[WhiteElo "1990"]
[BlackElo "2210"]
[PlyCount "75"]
[EventDate "1991.??.??"]
[EventType "swiss"]
[EventRounds "11"]
[EventCountry "FRA"]
[SourceTitle "EXT 1999"]
[Source "ChessBase"]
[SourceDate "1998.11.16"]
[SourceVersion "1"]
[SourceVersionDate "1998.11.16"]
[SourceQuality "1"]

1. d4 d5 2. Nf3 Nf6 3. e3 e6 4. Bd3 c5 5. c3 Nc6 6. Nbd2 Be7 7. Qe2 0-0 8. 0-0 a5 9. dxc5 Bxc5 10. e4 Be7 11. e5 Nd7 12. Re1 f6 13. exf6 Nxf6 14. Nf1 Bd6 15. Ng3 e5 16. Bf5 e4 17. Bxc8 Rxc8 18. Ng5 Qd7 19. Be3 Ne5 20. Bd4 Nd3 21. Rf1 Nf4 22. Qd2 h6 23. Nh3 Nxh3+ 24. gxh3 Qe6 25. Rad1 Be5 26. Kg2 Bxd4 27. Qxd4 Rc4 28. Qe3 Qe5 29. f4 Qe8 30. f5 Qa4 31. a3 b5 32. Ne2 b4 33. axb4 axb4 34. Nd4 Qa7 35. cxb4 Rxb4 36. b3 Nd7 37. Qc3 Qb6 38. Ne6 0-1

[Event "FRA-ch Accession"]
[Site "Montpellier"]
[Date "1991.??.??"]
[Round "11"]
[White "Van Dongen, Patrick"]
[Black "Eustache, Boris"]
[Result "1-0"]
[WhiteElo "2260"]
[BlackElo "2210"]
[PlyCount "93"]
[EventDate "1991.??.??"]
[EventType "swiss"]
[EventRounds "11"]
[EventCountry "FRA"]
[SourceTitle "EXT 1999"]
[Source "ChessBase"]
[SourceDate "1998.11.16"]
[SourceVersion "1"]
[SourceVersionDate "1998.11.16"]
[SourceQuality "1"]

1. e4 e6 2. d4 d5 3. e5 c5 4. c3 Nc6 5. Nf3 Qb6 6. a3 Bd7 7. b4 cxd4 8. cxd4 Nh6 9. Be2 Nf5 10. Bb2 h5 11. 0-0 Be7 12. b5 Na5 13. Nc3 Rc8 14. Na4 Qd8 15. Nc5 Bxc5 16. dxc5 Rxc5 17. Nd4 Nxd4 18. Bxd4 Rc8 19. a4 b6 20. Ra3 g6 21. Rh3 Rg8 22. Qd2 Nc4 23. Qa2 Qe7 24. Rc3 Kf8 25. Bxc4 dxc4 26. Rxc4 Rxc4 27. Qxc4 Kg7 28. Qc7 Qh4 29. Be3 Bc8 30. Qxa7 Qe4 31. Qxb6 Qxa4 32. Rb1 Qe4 33. Re1 Qb4 34. Rd1 Bd7 35. Qc7 Bxb5 36. Bg5 Qg4 37. Bf6+ Kh6 38. f3 Qa4 39. Rc1 Qd4+ 40. Kh1 Qd2 41. h4 Qd7 42. Qb6 Ra8 43. Rc7 Qd1+ 44. Kh2 Bd7 45. Qb7 Ra1 46. Qb4 Kh7 47. Rxd7 1-0

[Event "FRA-chT"]
[Site "France"]
[Date "1990.??.??"]
[Round "?"]
[White "Conquest, Stuart"]
[Black "Eustache, Boris"]
[Result "1-0"]
[WhiteElo "2465"]
[BlackElo "2260"]
[PlyCount "87"]
[EventDate "1990.??.??"]
[EventType "team"]
[EventRounds "11"]
[EventCountry "FRA"]
[SourceTitle "EXT 2000"]
[Source "ChessBase"]
[SourceDate "1999.11.16"]
[SourceVersion "1"]
[SourceVersionDate "1999.11.16"]
[SourceQuality "1"]

1. e4 e6 2. d4 d5 3. Nd2 c5 4. Ngf3 dxe4 5. Nxe4 Nc6 6. dxc5 Qxd1+ 7. Kxd1 Nf6 8. Nxf6+ gxf6 9. Be3 e5 10. Nd2 f5 11. f3 Be6 12. c3 0-0-0 13. Kc2 Rg8 14. b4 e4 15. f4 Bh6 16. Re1 Ne7 17. g3 Nd5 18. Nc4 Nxe3+ 19. Nxe3 Rd7 20. Bb5 Rc7 21. Rd1 Bg7 22. Rd6 Bf8 23. Rd2 h5 24. Rhd1 Be7 25. a4 h4 26. gxh4 Bxh4 27. a5 a6 28. Bf1 Rh8 29. c4 Bf6 30. Nd5 Bxd5 31. cxd5 Kd7 32. Kb3 Rh4 33. Rc2 Rxf4 34. b5 axb5 35. Bxb5+ Kd8 36. d6 Rc8 37. Rg1 Rg4 38. Rxg4 fxg4 39. Kc4 Bg5 40. Kd4 e3 41. a6 bxa6 42. Bxa6 Rc6 43. Bb5 Rc8 44. c6 1-0